000 00665nam a22001817a 4500
003 UA-OsUOA
001 9114
007 ta
008 20041017b un ||||| |||| 00| 0 ukr d
100 _aКрищенко К.
942 _cSA
040 _aUA-OsUOA
_cUA-OsUOA
_dUA-OsUOA
245 _aЩодо оплати праці окремих категорій працівників установ соціального захисту населення: Лист від 23 вересня 2003 року №03-3/9040-018-17
300 _aС.3
955 _a0
773 0 _w0
_tПраця і зарплата
_dКиїв
_d2004
_g№37
650 7 _aОплата праці
_2UDC
999 _c295275
_d295275